Meilleur attaque 3g - Statistiques

Statistiques générales
  • Ce quiz a été pris 16 fois
    15 depuis la dernière actualisation
  • Le résultat moyen est 40 sur 47
Statistiques - réponses
Hint Réponse % Correct
130 absol
100%
115 cacturne
100%
150 deoxys
100%
180 deoxys attaque
100%
135 drattak
100%
100 jirachi
100%
150 mega absol
100%
100 mega charmina
100%
145 mega drattak
100%
145 mega metalosse
100%
180 mega rayquaza
100%
140 mega sharpedo
100%
135 metalosse
100%
150 rayquaza
100%
120 sharpedo
100%
100 tengalice
100%
125 armaldo
83%
115 branette
83%
120 brasegali
83%
100 camerupt
83%
130 chapignon
83%
120 hariyama
83%
100 kyogre
83%
110 laggron
83%
100 libegon
83%
165 mega branette
83%
160 mega brasegali
83%
140 mega galeking
83%
110 mega jungko
83%
150 mega laggron
83%
100 mega latias
83%
130 mega latios
83%
120 mega oniglali
83%
180 primo groudon
83%
150 primo kyogre
83%
100 regirock
83%
104 serpang
83%
120 colhomard
67%
110 galeking
67%
150 groudon
67%
115 mangriff
67%
110 mega altaria
67%
120 mega camerupt
67%
105 mega mysdibule
67%
160 monaflemit
67%
100 seviper
50%
100 kraknoix
33%
Aucun quiz correspondant
Distribution des résultats
% des personnes avec chaque résultat
Percentile par nombre de réponses
Votre historique - résultats
Vous n’avez pas pris ce quiz depuis la dernière actualisation